000 00460nam a2200193Ia 4500
005 20250603145704.0
008 250603s9999 xx 000 0 und d
020 _a9781451100051
050 _aQR 46 .E54/
100 _aEngleberg, N. Cary
245 0 _aSchaechter's mechanisms of microbial disease
250 _a5th ed.
260 _aNew York
260 _bWolters Kluwer
260 _c2013
300 _a826 p
650 _aNew York
942 _cBK
999 _c42562
_d42562